000 01791na a2200421 4500
001 16358
003 MIRAKIL
005 20181213155130.0
008 170213b tu 000 0
035 _a16358
040 _aMilas
_btur
_cTR-AnCHP
041 _atur
082 _aCHP 324.217207
_bÖ92c 1939
090 _aCHP 324.217207 Ö92c 1939
100 _aÖzden, Ragıp
222 _aCumhuriyet Halk Partisi Konferansları
245 _aDil inkılabımızın bugünkü durumu ; Foklor ve psikoloji ; Hayat felsefesi ; Tabiat kanunu fikri ; Türk teamül hukukuna göre Türklerde evlatlık edinme meselesi
_cRagıp Özden ; Sabri Esat Siyavuşgil ; Mazhar Şevket İpşir ; Hilmi Ziya Ülker ; Ahmet Caferoğlu
260 _aAnkara
_bCHP
_c1939
_fRecep Ulusoğlu Basımevi
300 _a93 s.
_c23 sm.
440 _aC.H.P.
_pKonferanslar serisi
_v1
500 _aYapıt, yazarların konferans konuşmalarını içermektedir
505 _aDil inkılabımızın bugünkü durumu / Ragıp Özden ; Foklor ve psikoloji/ Sabri Esat Siyavuşgil; Hayat felsefesi / Mazhar Şevket İpşir ; Tabiat kanunu fikri / Himi Ziya Ülker; Türk teamül hukukuna göre Türklerde evlatlık edinme meselesi / Ahmet Caferoğlu
610 _aCumhuriyet Halk Partisi (CHP)
_xKonferanslar ve seminerler
650 _aFelsefe
650 _aFolklor
650 _aDil devrimi
657 _aCHP konferansları
700 _aCaferoğlu, Ahmet
700 _aÜlker, Hilmi Ziya
700 _aİpşir, Mazhar Şevket
700 _aSiyavugil, Sabri Esat
740 _aTürk teamül hukukuna göre Türklerde evlatlık edinme meselesi
740 _aTabiat kanunu fikri
740 _aHayat felsefesi
740 _aFoklor ve psikoloji
830 _aCHP Yayınları
942 _2ddc
_cBKS
999 _c7177
_d7177